000 01054nam0a2200289 4500
001 RU\NLR\BIBL_A\011252386
005 20250626033531.0
010 _a978-5-906860-81-1
035 _a(NLR Aleph) 011252386
090 _a12174596
_c12174596
100 _a20161024d2017 |||y0rusy50 ca
101 0 _arus
102 _aRU
105 _aa|||z|||001zy
200 1 _aНовгородские синодики XIV-XVII веков
_f[подготовка текстов, исследование Т.И. Шабловой]
210 _aСанкт-Петербург
_cАлетейя
_cИсторическая книга
_d2017
215 _a342 с. [1] л. цв. ил.
_d26
320 _aБиблиогр.: с. 307-322 и в подстроч. примеч.
320 _aУказ.: с. 233-306
608 _aСинодики
_91548684
_3RU\NLR\AUTH\66977021
686 2 _aЭ372.24-507
702 1 _aШаблова
_bТ. И
_4220
942 _cBOOK
980 _aNB